000 00484nam a2200193Ia 4500
008 230125s9999 xx 000 0 und d
020 _a81-7992-128-x
041 _aeng
082 _a823
_bOSH
100 _aOsho
_9117942
245 _aThe First Principle : Talks On Zen
260 _c2019
_bJaico Publishing House
_aMumbai
300 _a285p
_cPaper Back
440 _v1
650 _aEnglish Literature
700 _aOsho
_9117942
906 _b27
999 _c95831
_d95831